Cyklický ekonomický vývoj a současná recese v České republice

Pojem neoliberalizmus. Fázový spoločenský vývoj. Česká národná ekonomika od roku 1945 - koniec formačnej krízy po súčasnosť. Dôsledky krízy na obyvateľstvo Českej republiky.

Salvato in:
Dettagli Bibliografici
Autore principale: Chalupa, Petr
Altri autori: Hübelová, Dana
Natura: Capitolo di libro
Lingua:ceco
Soggetti:
Tags: Aggiungi Tag
Nessun Tag, puoi essere il primo ad aggiungerne!!

MARC

LEADER 00000naa a2200000 4500
001 0135141
005 20220715084129.9
041 0 |a cze 
044 |a SK 
245 1 0 |a Cyklický ekonomický vývoj a současná recese v České republice  |c Petr Chalupa, Dana Hübelová 
520 |a Pojem neoliberalizmus. Fázový spoločenský vývoj. Česká národná ekonomika od roku 1945 - koniec formačnej krízy po súčasnosť. Dôsledky krízy na obyvateľstvo Českej republiky. 
610 2 0 |a kríza hospodárska 
610 2 0 |a Česko 
610 2 0 |a koncentrácia 
610 2 0 |a neoliberalizmus 
610 2 0 |a cykly hospodárske 
100 1 |a Chalupa, Petr 
700 1 |a Hübelová, Dana